No boys allowed / (Record no. 9492)

MARC details
000 -LEADER
fixed length control field 01136nam a22002657a 4500
001 - CONTROL NUMBER
control field 9492
003 - CONTROL NUMBER IDENTIFIER
control field FISKH
005 - DATE AND TIME OF LATEST TRANSACTION
control field 20260115091144.0
008 - FIXED-LENGTH DATA ELEMENTS--GENERAL INFORMATION
fixed length control field 260115b cb ||||| |||| 00| 0 eng d
040 ## - CATALOGING SOURCE
Original cataloging agency FISKH
Language of cataloging eng
Transcribing agency FISKH
Modifying agency FISKH
050 ## - LIBRARY OF CONGRESS CALL NUMBER
Classification number PZ7
082 ## - DEWEY DECIMAL CLASSIFICATION NUMBER
Classification number 813
100 ## - MAIN ENTRY--PERSONAL NAME
Personal name Williams, Ursula Moray
Relator term Author
245 ## - TITLE STATEMENT
Title No boys allowed /
Statement of responsibility, etc. by Ursula Moray Williams ; illustrated by Dora Leder
260 ## - PUBLICATION, DISTRIBUTION, ETC.
Place of publication, distribution, etc. Chicago :
Name of publisher, distributor, etc. Science Research Associates ,
Date of publication, distribution, etc. 1972
300 ## - PHYSICAL DESCRIPTION
Extent 32 pages :
Other physical details color illustrations ;
Dimensions 21 cm
505 ## - FORMATTED CONTENTS NOTE
Formatted contents note R<br/>
520 ## - SUMMARY, ETC.
Summary, etc. Aunt Hegarty, the famous world explorer, asks her five nieces to go with her on her next sea voyage. There is only one rule-no boys will be allowed on her boat. Then a sixth niece, Annie, arrives from an orphanage to join Sophie, Harriet, Rose, Lucy, and Emma on the Happy-Go-Gay. The little streamer leaves and all seems well. But soon, strange noises are heard from down in the ship's hold!
521 8# - TARGET AUDIENCE NOTE
Target audience note 750<br/>
Source Lexile estimate<br/>
521 8# - TARGET AUDIENCE NOTE
Target audience note R<br/>
Source Raz-Plus<br/>
650 ## - SUBJECT ADDED ENTRY--TOPICAL TERM
Topical term or geographic name entry element Sea voyage
Form subdivision Explorer
700 ## - ADDED ENTRY--PERSONAL NAME
Personal name Leder, Dora
Relator term Illustrator
942 ## - ADDED ENTRY ELEMENTS (KOHA)
Source of classification or shelving scheme Dewey Decimal Classification
Koha item type Books
Suppress in OPAC No
Holdings
Withdrawn status Lost status Source of classification or shelving scheme Damaged status Not for loan Collection Home library Current library Shelving location Date acquired Total Checkouts Full call number Barcode Date last seen Copy number Price effective from Koha item type
    Dewey Decimal Classification     Juvenile Fiction Footprints International School Library Network Toul Tom Poung Campus Footprints International School Library Network Toul Tom Poung Campus TTP Primary Orange Bookshelves 01/15/2026   WIL 813 PZ7 FISBK07149 01/15/2026 1 01/15/2026 Books